| 000 | 00422nam a22001697a 4500 | ||
|---|---|---|---|
| 005 | 20230111105621.0 | ||
| 008 | 221221b |||||||| |||| 00| 0 eng d | ||
| 020 | _a978-81-8448-693-3 | ||
| 041 | _aeng | ||
| 082 | _a615.8 MIT-H | ||
| 100 |
_aMITRA , PUSHPAL . _97447 |
||
| 245 | _aHANDBOOK OF PRACTICAL NEURO PHYSIOTHERAPY | ||
| 260 |
_aLONDON _bELSEVIER _c2009 |
||
| 300 | _a369'P. | ||
| 650 |
_aBPT _96963 |
||
| 942 | _cBK | ||
| 999 |
_c8191 _d8189 |
||